000 01121nam a2200361Ia 4500
001 96695
005 20230411090055.0
008 030402s2000 fr ab b 000 0 fre d
035 _a(OCoLC)ocm51961477
040 _aHLS
_cHLS
020 _a2842534832
020 _a9782842534837
035 _a(OCoLC)51961477
043 _ae-mc---
090 _aDC945
_bL36 2000
049 _aGRAL
100 1 _aLamy, Ghislaine.
245 1 0 _aMonaco, Monte-Carlo /
_cGhislaine Lamy.
250 _a1. âed.
260 _aJoué-les-Tours :
_bAllan Sutton,
_c2000.
300 _a128 p. :
_bill., map ;
_c24 cm.
440 0 _aMâemoire en images
504 _aIncludes bibliographical references (p. [6]).
651 0 _aMonaco
_vPictorial works.
651 0 _aMonaco
_xSocial life and customs
_vPictorial works.
651 0 _aMonaco
_xHistory
_vPictorial works.
651 0 _aMonte-Carlo (Monaco)
_vPictorial works.
651 0 _aMonte-Carlo (Monaco)
_xSocial life and customs
_vPictorial works.
651 0 _aMonte-Carlo (Monaco)
_xHistory
_vPictorial works.
942 _2lcc
_cbk
994 _aC0
_bDRFGD
946 _aJP
999 _c112015
_d112015